Foundation course in human values and professional ethics (Record no. 240903)
[ view plain ]
| 000 -LEADER | |
|---|---|
| fixed length control field | 03277nam a22002657a 4500 |
| 005 - DATE AND TIME OF LATEST TRANSACTION | |
| control field | 20260214121401.0 |
| 008 - FIXED-LENGTH DATA ELEMENTS--GENERAL INFORMATION | |
| fixed length control field | 260213b |||||||| |||| 00| 0 eng d |
| 020 ## - INTERNATIONAL STANDARD BOOK NUMBER | |
| International Standard Book Number | 9788195770373 |
| 040 ## - CATALOGING SOURCE | |
| Transcribing agency | AL |
| 082 ## - DEWEY DECIMAL CLASSIFICATION NUMBER | |
| Classification number | 174.4 |
| Item number | GAUF |
| 100 ## - MAIN ENTRY--PERSONAL NAME | |
| Personal name | R R Gaur |
| 100 ## - MAIN ENTRY--PERSONAL NAME | |
| 9 (RLIN) | 254919 |
| 245 ## - TITLE STATEMENT | |
| Title | Foundation course in human values and professional ethics |
| 250 ## - EDITION STATEMENT | |
| Edition statement | 3. |
| 260 ## - PUBLICATION, DISTRIBUTION, ETC. | |
| Place of publication, distribution, etc. | Kanpur |
| Name of publisher, distributor, etc. | UHV Publications |
| Date of publication, distribution, etc. | 2023 |
| 300 ## - PHYSICAL DESCRIPTION | |
| Extent | xxxvii,481p. |
| Other physical details | PB |
| Dimensions | 24x18cm. |
| 365 ## - TRADE PRICE | |
| Price type code | IN-2935 |
| Price amount | ₹297.90 |
| Currency code | ₹ |
| Unit of pricing | ₹499.00 |
| Price note | 27-01-2026 |
| 520 ## - SUMMARY, ETC. | |
| Summary, etc. | This textbook, designed for a foundation course in Human Values and Professional Ethics : Presenting a universal approach to value education through self exploration, is an outcome of the long-drawn search, visualization and experimentation by the authors and their colleagues to evolve an effective and universally acceptable content and methodology for introducing value education in the present curricula of technical and other professional institutions. Thus, it is in response to a long-felt and urgent need to integrate education in human values with professional skills. A unique methodology focusing on the right understanding of the human reality vis-à-vis rest of existence has been systematically presented. This involves the discovery of the inherent harmony and co-existence in entire existence forming the basis of Universal Human Values and facilitating transformation towards holistic perception and ‘Human Consciousness’.<br/>Starting with identification of basic human aspirations as happiness and prosperity in continuity, the discussion is focused on the appropriate programme to fulfill these enabling to live a fulfilling life. Understanding harmony at various levels starting from the human beings and spanning up to the whole existence forms the core contents of value education in this book. Finally, the important implications of ‘right understanding’ in life and profession are adequately elaborated.<br/>Unlike the conventional treatment, the issues in professional ethics are analyzed in the context of right understanding thereby enabling the resolution of various ethical dilemmas. The main focus is on the development of ethical competence in the individual through right understanding. The book concludes by proposing salient steps to undertake the journey towards holistic and value-based living.<br/><br/>Finally, it may be worth mentioning that the authors and the publisher consider the efforts towards integrating value education in the present education system as a mission. In this spirit, no royalty is being charged on this work and the price is kept as low as possible. In addition, an e-book version is freely available at no cost for facilitating wide-spread use of this innovative learning material.<br/>In the spirit of universalisation of knowledge for the well-being of all, we are making effort for the availability of this book to all unconditionally. An eCopy of this book is freely downloadable. |
| 650 ## - SUBJECT ADDED ENTRY--TOPICAL TERM | |
| Topical term or geographic name entry element | Business Ethics |
| 9 (RLIN) | 254889 |
| 650 ## - SUBJECT ADDED ENTRY--TOPICAL TERM | |
| Topical term or geographic name entry element | Harmony at Various Levels |
| 9 (RLIN) | 254890 |
| 650 ## - SUBJECT ADDED ENTRY--TOPICAL TERM | |
| Topical term or geographic name entry element | Professional Ethics in the Light of Right Understanding |
| 9 (RLIN) | 254891 |
| 650 ## - SUBJECT ADDED ENTRY--TOPICAL TERM | |
| Topical term or geographic name entry element | Understanding Value Education |
| 9 (RLIN) | 254892 |
| 700 ## - ADDED ENTRY--PERSONAL NAME | |
| Personal name | Asthana, R |
| 9 (RLIN) | 254844 |
| 700 ## - ADDED ENTRY--PERSONAL NAME | |
| Personal name | Bagaria, G P |
| 9 (RLIN) | 254845 |
| 942 ## - ADDED ENTRY ELEMENTS (KOHA) | |
| Source of classification or shelving scheme | Dewey Decimal Classification |
| Koha item type | Book |
| Withdrawn status | Lost status | Source of classification or shelving scheme | Damaged status | Not for loan | Collection code | Home library | Current library | Date acquired | Source of acquisition | Cost, normal purchase price | Total Checkouts | Full call number | Barcode | Date last seen | Cost, replacement price | Price effective from | Koha item type |
|---|---|---|---|---|---|---|---|---|---|---|---|---|---|---|---|---|---|
| Dewey Decimal Classification | General | St Aloysius Engineering Library | St Aloysius Engineering Library | 02/10/2026 | amazon.in | 297.90 | 174.4 GAUF | SE000211 | 02/13/2026 | 499.00 | 01/27/2026 | Book | |||||
| Dewey Decimal Classification | General | St Aloysius Engineering Library | St Aloysius Engineering Library | 02/10/2026 | amazon.in | 297.90 | 174.4 GAUF | SE000212 | 02/13/2026 | 499.00 | 01/27/2026 | Book | |||||
| Dewey Decimal Classification | General | St Aloysius Engineering Library | St Aloysius Engineering Library | 02/10/2026 | amazon.in | 297.95 | 174.4 GAUF | SE000213 | 02/13/2026 | 499.00 | 01/27/2026 | Book |